Behavioral medicine (Record no. 16084)
[ view plain ]
| 000 -LEADER | |
|---|---|
| fixed length control field | 00748nam a22002177a 4500 |
| 008 - FIXED-LENGTH DATA ELEMENTS--GENERAL INFORMATION | |
| fixed length control field | 160922b xxu||||| |||| 00| 0 eng d |
| 020 ## - INTERNATIONAL STANDARD BOOK NUMBER | |
| International Standard Book Number | 0071767705 |
| 040 ## - CATALOGING SOURCE | |
| Original cataloging agency | KABU |
| Transcribing agency | KABU |
| 050 ## - LIBRARY OF CONGRESS CALL NUMBER | |
| Classification number | RC467 |
| Item number | .B44 2014 C.1 |
| 245 ## - TITLE STATEMENT | |
| Title | Behavioral medicine |
| Remainder of title | a guide for clinical practice |
| Statement of responsibility, etc. | edited by Mitchell D. Feldem, John F. Christensen and Jason M. Satterfield |
| 250 ## - EDITION STATEMENT | |
| Edition statement | 4th ed. |
| 260 ## - PUBLICATION, DISTRIBUTION, ETC. (IMPRINT) | |
| Place of publication, distribution, etc. | New Delhi |
| Name of publisher, distributor, etc. | Mcgraw-hill education |
| Date of publication, distribution, etc. | 2014 |
| 300 ## - PHYSICAL DESCRIPTION | |
| Extent | xix, 553 p. |
| 650 ## - SUBJECT ADDED ENTRY--TOPICAL TERM | |
| Source of heading or term | Behavioral medicine |
| 650 ## - SUBJECT ADDED ENTRY--TOPICAL TERM | |
| Source of heading or term | Primary health care |
| 650 ## - SUBJECT ADDED ENTRY--TOPICAL TERM | |
| Source of heading or term | Behavior therapy |
| 700 ## - ADDED ENTRY--PERSONAL NAME | |
| Personal name | Feldman, Mitchell D. |
| 700 ## - ADDED ENTRY--PERSONAL NAME | |
| Personal name | Christensen, John F. |
| 700 ## - ADDED ENTRY--PERSONAL NAME | |
| Personal name | Satterfield, Jason M. |
| 942 ## - ADDED ENTRY ELEMENTS (KOHA) | |
| Source of classification or shelving scheme | Library of Congress Classification |
| Koha item type | General Collection |
| Edition | 4th ed. |
| Classification part | RC467 .B44 2014 C.1 |
| Withdrawn status | Lost status | Source of classification or shelving scheme | Not for loan | Home library | Current library | Shelving location | Date acquired | Cost, normal purchase price | Total Checkouts | Full call number | Barcode | Date last seen | Date last checked out | Copy number | Price effective from | Koha item type |
|---|---|---|---|---|---|---|---|---|---|---|---|---|---|---|---|---|
| Library of Congress Classification | Kabarak, Main Campus | Kabarak, Main Campus | General Stacks | 22/09/2016 | 7900.00 | 2 | RC467 .B44 2014 C.1 | 026742 | 25/09/2017 | 13/09/2017 | C.1 | 22/09/2016 | General Collection | |||
| Library of Congress Classification | Kabarak, Main Campus | Kabarak, Main Campus | General Stacks | 22/09/2016 | 7900.00 | 2 | RC467 .B44 2014 C.2 | 026743 | 13/04/2023 | 06/04/2023 | C.2 | 22/09/2016 | General Collection | |||
| Library of Congress Classification | Kabarak, Main Campus | Kabarak, Main Campus | General Stacks | 22/09/2016 | 7900.00 | RC467 .B44 2014 C.3 | 026740 | 22/09/2016 | C.3 | 22/09/2016 | General Collection | |||||
| Library of Congress Classification | Kabarak, Main Campus | Kabarak, Main Campus | General Stacks | 22/09/2016 | 7900.00 | 2 | RC467 .B44 2014 C.4 | 026741 | 10/10/2017 | 26/09/2017 | C.4 | 22/09/2016 | General Collection | |||
| Library of Congress Classification | Kabarak, Main Campus | Kabarak, Main Campus | General Stacks | 22/09/2016 | 1 | RC467 .B44 2014 C.5 | 026739 | 09/03/2017 | 20/02/2017 | C.5 | 22/09/2016 | General Collection |